[Event "Challenge"]
[Site "http://www.queenalice.com/game.php?id=1284472"]
[Date "2014.5.27"]
[Round "-"]
[White "mickeymouse"]
[Black "marcito"]
[Result "1-0"]
[WhiteElo "1411"]
[BlackElo "1336"]

1. e4 e5 2. Nf3 d6 3. Nc3 Nf6 4. d4 exd4 5. Nxd4 Be7 6. Bb5+ c6 7. Ba4 b5 8. Bb3
c5 9. Ndxb5 a6 10. Na3 O-O 11. Nd5 Nc6 12. O-O Nxe4 13. Qf3 f5 14. g3 a5 15.
Nxe7+ Kh8 16. Nxc6 Qe8 17. Bd5 Bb7 18. Nc4 a4 19. Bf4 Bxc6 20. Nxd6 Qe7 21. Bxc6
Rac8 22. Bxa4 g5 23. Nxc8 Rxc8 24. Be3 Qe5 25. Rad1 Qxb2 26. Qxf5 Nd6 27. Rxd6
Rc7 28. Qxg5 Rg7 29. Rd8+ Rg8 30. Rxg8# 1-0

[Event "Challenge"]
[Site "http://www.queenalice.com/game.php?id=1287014"]
[Date "2014.6.9"]
[Round "-"]
[White "marcito"]
[Black "smcneil"]
[Result "0-1"]
[WhiteElo "1331"]
[BlackElo "1905"]

1. e4 c5 2. Nf3 b6 3. Nc3 Bb7 4. Bc4 e6 5. d3 Be7 6. O-O Nf6 7. Bf4 O-O 8. Qd2
Nc6 9. Nb5 d6 10. e5 dxe5 11. Nxe5 Na5 0-1

[Event "Challenge"]
[Site "http://www.queenalice.com/game.php?id=1287062"]
[Date "2014.6.9"]
[Round "-"]
[White "marcito"]
[Black "pulrich"]
[Result "0-1"]
[WhiteElo "1336"]
[BlackElo "1708"]

1. e4 e5 2. Nf3 Nc6 3. Bd3 d5 4. c3 Nf6 5. Qe2 Bc5 6. b4 Bb6 7. a4 a5 8. b5 O-O
9. bxc6 Ng4 10. cxb7 Bxb7 11. O-O Qd6 12. h3 dxe4 13. Bxe4 Bxe4 14. Qxe4 Nxf2
15. Ba3 Nxe4+ 16. d4 Qd5 17. Re1 Rfe8 18. Nbd2 Nxc3 19. Nxe5 Rxe5 20. Rxe5 Qxe5
21. Nc4 Qxd4+ 22. Kf1 Qxc4+ 0-1

[Event "Challenge"]
[Site "http://www.queenalice.com/game.php?id=1287321"]
[Date "2014.6.10"]
[Round "-"]
[White "marcito"]
[Black "chrnno"]
[Result "0-1"]
[WhiteElo "1323"]
[BlackElo "1617"]

1. e4 e5 2. Nf3 Qf6 3. Bd3 g5 4. b4 Bxb4 5. a3 Bc5 6. Bb2 d6 7. Nc3 c6 8. O-O b5
9. a4 b4 10. Ne2 g4 11. Ne1 h5 12. c3 Be6 13. cxb4 Bxb4 14. f3 Qg5 15. f4 Qg7
16. f5 Bd7 17. f6 Nxf6 18. Nc2 Ba5 19. Nc3 h4 0-1

[Event "Challenge"]
[Site "http://www.queenalice.com/game.php?id=1287661"]
[Date "2014.6.12"]
[Round "-"]
[White "marcito"]
[Black "carriedani"]
[Result "0-1"]
[WhiteElo "1357"]
[BlackElo "1158"]

1. e4 e5 2. Nf3 Nc6 3. d4 exd4 4. Nxd4 Nf6 5. Be3 Nxe4 6. Qf3 Nf6 7. Bc4 d5 8.
Bd3 Nb4 9. Bb5+ Bd7 10. Bf4 c5 11. Qe3+ Ne4 12. a3 Na6 0-1

[Event "Challenge"]
[Site "http://www.queenalice.com/game.php?id=1287665"]
[Date "2014.6.12"]
[Round "-"]
[White "marcito"]
[Black "leking"]
[Result "0-1"]
[WhiteElo "1329"]
[BlackElo "1580"]

1. e4 e5 2. d4 exd4 3. Qxd4 Nc6 4. Qe3 Nf6 5. Bd3 Be7 6. Bc4 Ne5 7. Bb3 O-O 8.
Nh3 Bd6 9. O-O Be7 10. Nc3 c6 11. Qg3 Ng6 12. Bd2 d6 13. Be3 Nh5 14. Qf3 Nf6 15.
Rad1 Bg4 16. Qg3 Bxd1 17. Rxd1 Re8 18. f4 Qc7 19. Ng5 Nh5 20. Qh4 Bxg5 21. Qxg5
Nf6 22. f5 h6 23. Qg3 Ne5 0-1

[Event "Challenge"]
[Site "http://www.queenalice.com/game.php?id=1288021"]
[Date "2014.6.13"]
[Round "-"]
[White "Desaixmuiron"]
[Black "marcito"]
[Result "0-1"]
[WhiteElo "1174"]
[BlackElo "1326"]

1. Nf3 d5 2. d4 Nc6 3. h3 e5 4. dxe5 Qe7 5. Bg5 f6 6. exf6 gxf6 7. Bd2 Be6 8. e3
f5 9. Be2 O-O-O 10. O-O Kb8 11. Nc3 Nf6 12. a3 Qg7 13. Kh1 Rg8 14. Rg1 d4 15.
exd4 Nxd4 16. Nxd4 Rxd4 17. Qc1 Bd6 18. Bf3 Bc5 0-1

[Event "OS INCLIVEIS"]
[Site "http://www.queenalice.com/game.php?id=1289689"]
[Date "2014.6.21"]
[Round "-"]
[White "adelio"]
[Black "marcito"]
[Result "1-0"]
[WhiteElo "1770"]
[BlackElo "1335"]

1. d4 d5 2. e4 dxe4 3. Nc3 Nf6 4. f3 Nc6 5. Be3 exf3 6. Nxf3 e6 7. a3 Bd6 8. Bg5
h6 9. Bxf6 Qxf6 10. Ne4 Qf4 11. Nxd6+ cxd6 12. c3 O-O 13. b4 d5 14. Ra2 Qe3+ 15.
Be2 Qxc3+ 16. Kf1 e5 17. h4 Bg4 18. h5 e4 19. Rc2 Qxa3 20. Rg1 exf3 21. gxf3
Nxd4 22. Qxd4 1-0

[Event "OS INCLIVEIS"]
[Site "http://www.queenalice.com/game.php?id=1289690"]
[Date "2014.6.21"]
[Round "-"]
[White "adelio"]
[Black "marcito"]
[Result "1-0"]
[WhiteElo "1772"]
[BlackElo "1333"]

1. b4 e6 2. b5 d5 3. a3 c6 4. e3 Qa5 5. Be2 cxb5 6. Nf3 Nc6 7. O-O Bd6 8. d4 Nf6
9. Ng5 h6 10. Nxf7 Kxf7 11. e4 Bb8 12. e5 Rd8 13. exf6 gxf6 14. Bh5+ Ke7 15.
Bxh6 Qc7 16. Qg4 1-0